书目信息 |
| 题名: |
怎样防治荒漠化
|
|
| 作者: | ;联合国教科文组织 编写/翻译 | |
| 分册: | ||
| 出版信息: | 北京 化学工业出版社 2005 |
|
| 页数: | 99页 | |
| 开本: | 30cm | |
| 丛书名: | ||
| 单 册: | ||
| 中图分类: | P941.73 | |
| 科图分类: | ||
| 主题词: | 沙漠化--防治 , 沙漠化 | |
| 电子资源: | ||
| ISBN: | 7-5025-6167-6 | |
| 000 | 01004nam0 2200289 450 | |
| 001 | 002887646 | |
| 005 | 20070805110129.15 | |
| 010 | @a7-5025-6167-6@dCNY25.00 | |
| 035 | @a002887646 | |
| 100 | @a20050221d2005 em y0chiy0110 ea | |
| 101 | 0 | @achi |
| 102 | @aCN@b110000 | |
| 105 | @aab z 000yy | |
| 106 | @ar | |
| 200 | 1 | @a怎样防治荒漠化@Azen yang fang zhi huang mo hua@f联合国教科文组织编写/翻译@Flian he guo jiao ke wen zu zhi bian xie / fan yi |
| 210 | @a北京@c化学工业出版社@d2005 | |
| 215 | @a99页@c彩照,地图@d30cm | |
| 300 | @a防治荒漠化 | |
| 306 | @a化学工业出版社与联合国教科文组织合作出版 | |
| 330 | @a本书根据提供的大量有关荒漠化防治的统计数据和图表,每一章节围绕一个主题展开,汇集了全球诸多防治荒漠化的成功案例。 | |
| 510 | 1 | @aLearning to Combat Desertification@zeng |
| 606 | 0 | @a沙漠化@x防治 |
| 606 | 0 | @a沙漠化 |
| 690 | @aP941.73@v4 | |
| 711 | 02 | @a联合国教科文组织@Alian he guo jiao ke wen zu zhi@4编写/翻译 |
| 801 | 0 | @aCN@bNLC@c20070805 |
| 905 | @dP941.73@e116@f5 | |
| 怎样防治荒漠化/联合国教科文组织编写/翻译.-北京:化学工业出版社,2005 |
| 99页:彩照,地图;30cm |
| 防治荒漠化 |
| ISBN 7-5025-6167-6:CNY25.00 |
| 本书根据提供的大量有关荒漠化防治的统计数据和图表,每一章节围绕一个主题展开,汇集了全球诸多防治荒漠化的成功案例。 |
| ● |
| 相关链接 |
|
|
|
|
正题名:怎样防治荒漠化
索取号:P941.73/116
 
预约/预借
| 序号 | 登录号 | 条形码 | 馆藏地/架位号 | 状态 | 备注 |
| 1 | 0850856 | 208508569 | 第二样本阅览室/ [索取号:P941.73/116] | 在馆 | |
| 2 | 0850857 | 208508578 | 第三借阅区/ [索取号:P941.73/116] | 在馆 | |
| 3 | 0850858 | 208508587 | 第三借阅区/ [索取号:P941.73/116] | 在馆 | |
| 4 | 0850859 | 208508596 | 第三借阅区/ [索取号:P941.73/116] | 在馆 | |
| 5 | 0850860 | 208508603 | 第三借阅区/ [索取号:P941.73/116] | 在馆 |